Vista normal Vista MARC

Entrada Topical Term

Número de registros utilizados en: 1

001 - CONTROL NUMBER

  • control field: 13690

003 - CONTROL NUMBER IDENTIFIER

  • control field: OSt

005 - DATE AND TIME OF LATEST TRANSACTION

  • control field: 20210219123742.0

008 - FIXED-LENGTH DATA ELEMENTS

  • fixed length control field: 210219|| aca||aabn | a|a d

040 ## - CATALOGING SOURCE

  • Original cataloging agency: OSt
  • Transcribing agency: OSt

150 ## - HEADING--TOPICAL TERM

  • Topical term or geographic name entry element: Vida social y costumbres
  • Geographic subdivision: Tenjo (Cundinamarca, Colombia)

670 ## - SOURCE DATA FOUND

  • Source citation: Work cat.: (OSt): zapata Silva, Alfonso, autor 13689, Tenjo en palabras / , 1998